Pleito por el señor licenciado Pedro García Barrionuevo contra el Obispo de Cuenca, sobre si se han de tildar las dos preguntas del interrogatorio

Detalles Bibliográficos
Otros Autores: Pedro García Barrionuevo
Formato: Libro
Publicado: Cuenca, s.f.
Materias:
Colección:Banco de datos
Acervo:Biblioteca Palafoxiana. Colección de Manuscritos
Descripción Física:2 f. ; 32 x 21 cm.
Tema general:Civil
LEADER 00490nam a22001450004500
035 |a 1152 
245 1 0 |a Pleito por el señor licenciado Pedro García Barrionuevo contra el Obispo de Cuenca, sobre si se han de tildar las dos preguntas del interrogatorio 
260 |a Cuenca, s.f. 
300 |a 2 f. ; 32 x 21 cm. 
650 1 0 |a Civil 
700 1 |a Pedro García Barrionuevo 
949 |a 19948/063 
942 |c PALAMANU 
943 |g Biblioteca Palafoxiana. Colección de Manuscritos 
999 |c 1069097  |d 1069097